000
00320nam a22001457a 4500
003
SGT
020
_a
9789354405495
082
_a
923.154
_b
L22M
100
_a
MODI, NARENDRA
245
_a
LETTERS TO SELF
260
_a
INDIA
_b
FINGERPRINT
_c
2022
300
_a
247
650
_a
PRIME MINISTER OF INDIA
942
_2
ddc
_c
BK
999
_c
25937
_d
25937